| 000 | 01130cam a2200253 a 4500 | ||
|---|---|---|---|
| 005 | 20160302182529.0 | ||
| 008 | 041021s2005 ck a gr 00010dspa d | ||
| 020 | _a9583367621 | ||
| 040 |
_aCO-BoBLA _cCO-BoBLA _dCO-BoIAVH |
||
| 041 | 0 | _aspa | |
| 044 | _ack | ||
| 082 | 0 | 4 |
_a633.58 _bV17v |
| 245 | 1 | 0 |
_aVariabilidad de la guadua (guadua angustifolia kunth) en la cuenca Cauca, departamento del Cauca / _ccompilador Leyder Javier Ruíz Ruíz ; fotografías Carmen Tulia Potosí. |
| 260 |
_aPopayán : _bUniversidad Nacional de Colombia : _bCorporación Autónoma Regional del Cauca, CRC ; Palmira , _c2005. |
||
| 300 |
_a47 páginas : _bIlustraciones ; _c24 x 17 cm. |
||
| 504 | _aIncluye referencias bibliográficas: página 47. | ||
| 650 | 1 | 6 |
_aGuadua _x Cultivo _z Cauca (Colombia) |
| 650 | 2 | 6 |
_aGuadua _x Variedades _z Cauca (Colombia) |
| 650 | 2 | 6 |
_aGuadua _x Usos _z Cauca (Colombia) |
| 700 | 1 |
_aPotosí Guampe, Carmen Tulia., _eFotografías |
|
| 700 | 1 |
_aRuíz Ruíz, Leyder Javier. _eInvestigador |
|
| 700 | 1 |
_aVallejo Cabrera,Franco Alirio _eInvestigador |
|
| 942 |
_2ddc _cLIBRO |
||
| 999 |
_c4955 _d4955 |
||